000 00618nam a2200229Ia 4500
003 OSt
005 20221007080102.0
006 a|||||r|||| 00| 0
007 ta
008 221006b |||||||| |||| 00| 0 eng d
024 _a20,359
037 _cTextual
040 _aFLL
_cFLL
_beng
041 _2eng
_aeng
082 _a2:51.N8, M5
100 _aKaula P.N. Au.
_9694611
245 0 _aTreatise on colon classification
260 _aNew Delhi
_bSterling publishers pvt. ltd. India
_c1985
300 _a314p
_ccm.
942 _h2:51.N8, M5
_cTEXL
_2CC
999 _c1158319
_d1158319